[Event "3rd Sharjah Masters 2019"]
[Site "Sharjah"]
[Date "2019.03.27"]
[Round "6.19"]
[White "Vishnu, Prasanna. V"]
[Black "Zou, Chen"]
[Result "1-0"]
[WhiteElo "2524"]
[BlackElo "2397"]
[Annotator "TA"]
[PlyCount "129"]
[EventDate "2019.03.22"]
[EventType "swiss"]
[EventCountry "UAE"]
[SourceTitle "playchess.com"]
[Source "ChessBase"]
[SourceQuality "1"]

{[%evp 9,129,-10,8,9,18,0,30,12,40,57,53,52,61,73,75,31,49,-15,61,65,55,14,121,111,100,116,90,88,99,0,0,-105,89,85,101,101,99,14,48,13,88,94,86,78,78,83,84,0,116,102,141,44,38,11,295,289,722,704,688,689,690,682,1017,1017,1010,1004,1004,1004,1004,1003,996,996,956,940,929,922,904,894,807,766,904,680,953,935,1438,935,904,697,29971,29972,29972,29973,29972,29974,29974,29974,29976,29977,29976,29976,29977,29978,29982,29983,29983,29984,29984,29985,29989,29986,29988,29988,29988,29989,29994,29994,29997,29994,29994,29984,29986,29987]} 1. e4 c5 2. d3 Nc6 3. f4 g6 4. Nf3 Bg7 5. Be2 d5 (5... Nf6 6. O-O O-O 7. c3 d6 8. Kh1 b5 9. a3 Bb7 10. Be3 a5 11. Nbd2 b4 12. d4 bxc3 13. bxc3 a4 14. Rb1 cxd4 15. cxd4 Na5 {1-0 (60) Kovalev,V (2639)-Moiseenko,A (2667) Riadh 2017}) 6. O-O {B21: Sicilian: 2 f4 and Morra Gambit} Nh6 7. c3 d4 8. h3 $146 {White has an edge.} ({Predecessor:} 8. c4 f6 9. h3 Nf7 10. Nh4 e5 11. f5 Ne7 12. b4 g5 13. Nf3 cxb4 {0-1 (46) Horn,P (2235)-Ruf,M (2330) Geneve 1989}) 8... f5 9. e5 Nf7 10. cxd4 Nxd4 11. Nxd4 Qxd4+ 12. Kh1 g5 13. fxg5 (13. Nd2 $14) 13... Bxe5 (13... O-O $11) 14. Nd2 $14 Bc7 15. Bh5 Qxd3 (15... O-O $11) 16. Bxf7+ $1 $16 Kxf7 17. Qh5+ Kf8 18. Re1 Bg3 19. Nf3 (19. Qh6+ Ke8 $14) (19. Rd1 $1 $16 Bc7 20. Nf1) 19... Bxe1 $11 20. g6 {[#]} (20. Bf4 $11 Qf1+ 21. Kh2 Bg3+ {[%mdl 64] Discovered Attack} 22. Kxg3 Qxa1 {[%mdl 64] Double Attack} 23. g6) 20... f4 $2 {[#]} (20... Qf1+ $2 21. Kh2 $18) (20... Bc3 $1 $17 {stays on course.} 21. bxc3 Qd1+ 22. Kh2 Qd6+ {[%mdl 64] Double Attack} 23. Kh1 Qxg6 24. Bh6+ Ke8) 21. g7+ $1 $16 {[%mdl 512]} Kxg7 22. Bxf4 Qg6 ({Don't blunder} 22... Qf1+ $2 23. Kh2 $18) 23. Qxc5 (23. Qe5+ $16 Qf6 24. Rxe1 Qxe5 25. Bxe5+ Kg8 26. Bxh8 Kxh8 27. Rxe7) 23... Rf8 $1 $11 {[%cal Rf8f4]} (23... Qf6 $2 24. Be5 $18) 24. Qd4+ e5 (24... Qf6 $2 25. Be5 $18) (24... Kg8 $1 $11 25. Rxe1 Qf6) 25. Bxe5+ $16 Kg8 26. Rxe1 Be6 27. Re3 {Nh4 is the strong threat.} Rad8 (27... Bxa2 $2 28. Nh4 $18) 28. Qc3 (28. Qb4 $1 $16 Rd1+ 29. Kh2) 28... Rc8 ({But not} 28... Bxa2 $2 29. Ng1 $18) (28... Rd1+ $11 {keeps the balance.} 29. Kh2 Rc8) 29. Qe1 $1 {And now Nh4 would win.} Bxa2 {[#] Threatens to win with ...Qb1.} 30. Nd2 (30. Kh2 $1 $16 Bf7 31. Nh4) 30... Rf5 $1 $14 {Strongly threatening ...Bd5.} 31. b3 {aiming for Bb2.} Rc2 $2 {[%mdl 8192]} (31... Re8 $1 $11) 32. Bc3 $18 Bxb3 $2 {[#]} (32... h6 33. Rg3 Rg5) 33. Rg3 $1 Rxc3 34. Rxg6+ hxg6 35. Nxb3 Rd3 {[#]} 36. Nc5 $1 {[%mdl 512]} Rd6 (36... Rxc5 37. Qe8+) 37. Qe8+ Rf8 38. Qe7 {[%mdl 64] Double Attack} Rdf6 39. Nd7 Rf1+ 40. Kh2 R8f7 41. Qe6 Kh7 42. Ne5 Rg7 43. Ng4 Rgf7 44. Qe3 R1f4 45. Qxa7 b5 46. Qc5 R4f5 47. Qb6 Kg7 48. Qe3 Rh5 49. Qd4+ {White mates.} Kf8 50. Ne5 Rxe5 51. Qxe5 {[%mdl 4096] Endgame KQ-KR} Rf5 52. Qc7 Kg8 53. g4 Rf6 54. Qb8+ Kg7 55. Kg3 g5 56. Qxb5 Kg6 57. h4 gxh4+ 58. Kxh4 Rf7 59. Qc6+ Kh7 60. Kh5 Kg8 61. Qe8+ Rf8 62. Qe6+ Kh8 63. Kg6 Rg8+ {[#]} 64. Qxg8+ $3 Kxg8 65. g5 {Accuracy: White = 69%, Black = 35%.} 1-0

[Event "3rd Sharjah Masters 2019"]
[Site "Sharjah"]
[Date "2019.03.27"]
[Round "6.20"]
[White "Sukandar, Irine Kharisma"]
[Black "Kuybokarov, Temur"]
[Result "1/2-1/2"]
[WhiteElo "2381"]
[BlackElo "2519"]
[Annotator "TA"]
[PlyCount "95"]
[EventDate "2019.03.22"]
[EventType "swiss"]
[EventCountry "UAE"]
[SourceTitle "playchess.com"]
[Source "ChessBase"]
[SourceQuality "1"]

{[%evp 13,95,-3,11,-2,23,10,0,6,0,1,23,30,29,24,20,21,29,15,15,11,14,10,15,12,21,17,14,3,60,74,74,56,37,0,0,1,1,-2,-7,-15,-10,-15,0,-8,29,25,27,26,164,177,164,37,37,41,32,31,31,5,66,0,0,-4,42,0,0,0,0,0,0,0,0,0,0,0,0,2,38,0,0,0,47,0,0,0]} 1. e4 g6 2. d4 d6 3. Nc3 Bg7 4. f4 Nf6 5. Nf3 O-O 6. e5 dxe5 7. dxe5 Qxd1+ 8. Nxd1 {B09: Pirc Defence: Austrian Attack} Nfd7 (8... Nd5 9. c4 Nb6 10. Ne3 Nc6 11. c5 Na4 12. Bb5 Nxc5 13. Nd5 Be6 14. Bxc6 bxc6 15. Nxe7+ Kh8 {½-½ (60) Onischuk,V (2614)-Petrosian,T (2651) Al Ain 2014}) 9. Bc4 Nb6 10. Bb3 Na6 $146 ({Predecessor:} 10... Nc6 11. Bd2 Bg4 12. c3 Bxf3 13. gxf3 e6 14. Nf2 Rfd8 15. O-O-O Na5 {½-½ (50) Erice Alonso,S (2013)-Perez Vazquez,M (1837) Collado Villalba 2015}) 11. Be3 c5 12. Nd2 Bd7 13. Nc3 Bc6 14. O-O e6 15. Rae1 Nd5 16. Nxd5 exd5 17. c3 b6 18. Bf2 Rae8 19. Bh4 Nc7 20. Bc2 d4 (20... Bb5 $11) 21. cxd4 $14 cxd4 22. Bb3 Bd5 23. Ne4 Bxb3 24. axb3 Nd5 25. Nd6 Re6 26. Nb5 d3 27. Rf3 a5 28. Rd1 Bh6 29. Bg3 Nb4 30. Be1 $36 {[%mdl 2048] White has good play.} f6 (30... Rd8 $11 {and Black is okay.}) 31. Bxb4 $18 axb4 {[#]} 32. Nd4 ({Stronger than} 32. Rdxd3 fxe5 33. Nc7 Rc6 $15) (32. Nc7 $1 $18 {[%cal Rc7e6]} Rc6 33. Nd5 {[%mdl 64] Double Attack}) 32... Re7 $14 33. e6 f5 34. Rdxd3 Rc8 35. Kf2 Rc1 (35... Ree8 $11) 36. Ne2 (36. Nxf5 $14 Rc2+ {[%mdl 64] Double Attack} 37. Kf1 gxf5 38. Rg3+ Kf8 39. Rd8+ Re8 {[#]} 40. Rg8+ $3 {[%mdl 512]} Kxg8 41. Rxe8+ Kg7 42. e7) 36... Rc2 $11 37. Rd6 b5 38. g3 Re8 39. Rfd3 Bf8 40. Ra6 Rxb2 41. Rc6 Kg7 42. h3 Kf6 43. Re3 Be7 $1 44. g4 h6 45. Rd3 Bf8 46. Re3 {Threatens to win with e7+.} Be7 $1 47. Rd3 Bf8 48. Re3 {Accuracy: White = 43%, Black = 51%.} 1/2-1/2

[Event "3rd Sharjah Masters 2019"]
[Site "Sharjah"]
[Date "2019.03.27"]
[Round "6.21"]
[White "Debashis, Das"]
[Black "Dhulipalla Bala Chandra Prasa"]
[Result "1/2-1/2"]
[WhiteElo "2532"]
[BlackElo "2384"]
[Annotator "ChessBase"]
[PlyCount "71"]
[EventDate "2019.03.22"]
[EventType "swiss"]
[EventCountry "UAE"]
[SourceTitle "playchess.com"]
[Source "ChessBase"]
[SourceQuality "1"]
[TimeControl "5400+30"]

1. e4 {[%emt 0:00:00]} e5 {[%emt 0:00:31]} 2. Nf3 {[%emt 0:00:00]} Nc6 {[%emt 0:00:05]} 3. Bc4 {[%emt 0:00:00]} Nf6 {[%emt 0:00:05]} 4. d3 {[%emt 0:00:01]} Be7 {[%emt 0:02:54]} 5. O-O {[%emt 0:00:07]} O-O {[%emt 0:00:03]} 6. Re1 {[%emt 0:00:21]} d6 {[%emt 0:00:04]} 7. a4 {[%emt 0:00:04]} Be6 {[%emt 0:04:50]} 8. Nbd2 {[%emt 0:00:10]} Qd7 {[%emt 0:01:38]} 9. Nf1 {[%emt 0:00:09]} Rfe8 {[%emt 0:24:14]} 10. Bg5 {[%emt 0:05:25]} Bxc4 {[%emt 0:03:34]} 11. dxc4 {[%emt 0:00:21]} Nd8 {[%emt 0:00:22]} 12. Bxf6 {[%emt 0:23:24]} Bxf6 {[%emt 0:00:38]} 13. Ne3 {[%emt 0:01:40]} Ne6 {[%emt 0:06:13]} 14. c3 {[%emt 0:00:47]} Rad8 {[%emt 0:03:47]} 15. a5 {[%emt 0:03:45]} g6 {[%emt 0:04:15]} 16. a6 {[%emt 0:01:47]} b6 {[%emt 0:00:45]} 17. b4 {[%emt 0:00:28]} Bg7 {[%emt 0:07:06]} 18. Qc2 {[%emt 0:08:30]} c6 {[%emt 0:07:17]} 19. Red1 {[%emt 0:10:46]} Qc8 {[%emt 0:08:53]} 20. Nd2 {[%emt 0:01:14]} Bh6 {[%emt 0:02:56]} 21. Ndf1 {[%emt 0:00:55]} Nc7 {[%emt 0:00:24]} 22. Qe2 {[%emt 0:02:21]} Qe6 {[%emt 0:03:02]} 23. Qd3 {[%emt 0:01:48]} Qc8 {[%emt 0:04:12]} 24. Ra2 {[%emt 0:02:22]} Ne6 {[%emt 0:01:47]} 25. Qb1 {[%emt 0:04:57]} Rd7 {[%emt 0:01:34]} 26. Qb3 {[%emt 0:05:57]} Red8 {[%emt 0:00:55]} 27. Kh1 {[%emt 0:02:15]} Ng5 {[%emt 0:02:07]} 28. Qb1 {[%emt 0:00:56]} Ne6 {[%emt 0:00:16]} 29. Qb3 {[%emt 0:00:08]} Ng5 {[%emt 0:00:02]} 30. f3 {[%emt 0:00:43]} Ne6 {[%emt 0:00:06]} 31. Ng4 {[%emt 0:04:38]} Bg5 {[%emt 0:00:31]} 32. Nf2 {[%emt 0:01:22]} h5 {[%emt 0:01:57]} 33. Nh3 {[%emt 0:06:34]} Bh6 {[%emt 0:00:15]} 34. Nf2 {[%emt 0:00:05]} Bg5 {[%emt 0:00:03]} 35. Nh3 {[%emt 0:01:09]} Bh6 {[%emt 0:00:07]} 36. Nf2 {[%emt 0:00:52]} 1/2-1/2

[Event "3rd Sharjah Masters 2019"]
[Site "Sharjah"]
[Date "2019.03.27"]
[Round "6.22"]
[White "Shailesh, Dravid"]
[Black "Megaranto, Susanto"]
[Result "0-1"]
[WhiteElo "2316"]
[BlackElo "2526"]
[Annotator "TA"]
[PlyCount "62"]
[EventDate "2019.03.22"]
[EventType "swiss"]
[EventCountry "UAE"]
[SourceTitle "playchess.com"]
[Source "ChessBase"]
[SourceQuality "1"]

{[%evp 23,62,-3,16,0,0,0,23,-35,10,5,21,0,0,-12,13,-7,-5,-39,-20,-19,-15,-8,11,-1,0,-33,-37,-83,-83,-83,-83,-130,-111,-357,-354,-358,-354,-353,-336,-483,-479]} 1. e4 d5 2. exd5 Qxd5 3. Nc3 Qa5 4. d4 c6 5. Nf3 Bf5 6. Bc4 e6 7. Qe2 Bb4 8. Bd2 Nf6 9. O-O Nbd7 10. a3 Bxc3 11. Bxc3 Qc7 12. Ne5 O-O {LiveBook: 19 Games} 13. Rad1 {B01: Scandinavian Defence} Rad8 14. Bb3 $146 ({Predecessor:} 14. Bd3 Nxe5 15. Bxf5 exf5 16. Qxe5 Qxe5 17. dxe5 Nd5 18. Bd4 b6 19. b3 Rd7 {0-1 (71) Afek,Y (2269)-Milov,L (2561) Nuremberg 2010}) 14... Nxe5 15. dxe5 ({White should try} 15. Qxe5 $11 Qxe5 16. dxe5) 15... Nd5 16. Bd2 {[%cal Bc3d2,Bd2c1,Bc1f4][%mdl 32]} h6 17. Bc1 Ne7 18. Bf4 Bh7 19. g4 c5 20. c3 a6 (20... b5 $5) 21. Rxd8 Rxd8 22. Rd1 Bg6 23. h4 Rxd1+ 24. Qxd1 {Strongly threatening Qd6.} Qb6 25. Kg2 {[#]} h5 $1 {[%mdl 512]} 26. gxh5 Bxh5 27. f3 Nf5 28. Kh3 $2 {[#]} (28. Bc2 $17) 28... Bxf3 $1 $19 {[%mdl 512]} 29. Qxf3 Qxb3 30. Qg2 b5 31. h5 (31. Qd2 $142) 31... Qd1 {Precision: White = 21%, Black = 58%.} 0-1

[Event "3rd Sharjah Masters 2019"]
[Site "Sharjah"]
[Date "2019.03.27"]
[Round "6.23"]
[White "Bharath Subramaniyam H"]
[Black "Stany, G.A."]
[Result "1/2-1/2"]
[WhiteElo "2301"]
[BlackElo "2507"]
[Annotator "TA"]
[PlyCount "56"]
[EventDate "2019.03.22"]
[EventType "swiss"]
[EventCountry "UAE"]
[SourceTitle "playchess.com"]
[Source "ChessBase"]
[SourceQuality "1"]

{[%evp 10,56,54,43,63,23,32,26,62,44,93,78,93,98,100,83,97,103,94,78,137,102,106,50,115,16,22,20,58,74,64,23,53,59,70,39,32,22,67,39,63,60,56,64,66,61,59,70,88]} 1. e4 g6 2. d4 Bg7 3. Nc3 c6 4. h3 d6 5. Nf3 Nd7 6. Be3 Qc7 {B06: Modern Defence} (6... e5 7. Bd3 Ngf6 8. O-O O-O 9. Qd2 Re8 10. Rfe1 b5 11. dxe5 dxe5 12. a4 b4 13. Ne2 a5 14. c3 Qe7 15. cxb4 axb4 16. Rec1 c5 17. Ng3 {1-0 (63) Leko,P (2732)-Bologan,V (2681) Beijing 2012}) 7. Qd2 b5 8. Bd3 Rb8 {White has an edge.} 9. O-O b4 $146 ({Predecessor:} 9... e5 10. dxe5 dxe5 11. a4 b4 12. Na2 c5 13. b3 Ngf6 14. Qe2 O-O 15. Rac1 Nh5 16. g3 Nb6 17. Kg2 c4 18. Bxb6 Qd7 19. Bxc4 Qxh3+ 20. Kg1 Nf4 {½-½ (20) Kutuzovic,B (2406)-Srebrnic,A (2212) Ljubljana 2002}) 10. Ne2 c5 {Black wants to play ...c4.} 11. c3 Ngf6 12. Rac1 {Strongly threatening cxb4.} b3 13. axb3 Rxb3 14. Bc4 Rb6 (14... Rb7 $142) 15. Ng3 O-O 16. Rfe1 (16. b4 $16) 16... e6 {[#]} (16... Bb7 $14) 17. e5 (17. b4 $1 $16) 17... dxe5 $11 18. dxe5 Nd5 19. Bxd5 exd5 20. Bh6 Bxh6 21. Qxh6 {[#] Ng5 would kill now.} f6 22. Qd2 Bb7 {[%cal Rf6e5]} 23. exf6 $1 Nxf6 24. Ne5 {White is slightly better.} Ne4 25. Nxe4 dxe4 26. Ng4 h5 27. Ne3 Rd6 28. Qc2 Qf7 {Accuracy: White = 38%, Black = 35%.} 1/2-1/2

[Event "3rd Sharjah Masters 2019"]
[Site "Sharjah"]
[Date "2019.03.27"]
[Round "6.24"]
[White "Priyanka Nutakki"]
[Black "Karthik, Venkataraman"]
[Result "1-0"]
[WhiteElo "2297"]
[BlackElo "2494"]
[Annotator "TA"]
[PlyCount "69"]
[EventDate "2019.03.22"]
[EventType "swiss"]
[EventCountry "UAE"]
[SourceTitle "playchess.com"]
[Source "ChessBase"]
[SourceQuality "1"]

{[%evp 24,69,14,16,24,0,66,25,55,19,44,17,76,52,48,42,46,0,43,40,242,87,81,90,83,81,129,96,120,123,278,173,383,356,398,206,530,526,754,741,1652,1712,1488,1449,1409,1401,29992,29990]} 1. c4 c5 2. Nc3 Nc6 3. Nf3 g6 4. e3 Nf6 5. d4 cxd4 6. exd4 d5 7. cxd5 Nxd5 8. Qb3 e6 9. Bb5 Bg7 10. O-O {A35: Symmetrical English: 2 Nc3 Nc6 3 Nf3} O-O 11. Bxc6 bxc6 12. Na4 (12. Re1 Qc7 13. h3 Rb8 14. Qd1 Rd8 15. Ne4 h6 16. Bd2 Kh7 17. Rb1 Rb5 {1-0 (78) Cheparinov,I (2709)-Alekseev,E (2639) St Petersburg 2018}) 12... Nb6 13. Nc5 {[#] LiveBook: 3 Games} Qd5 $146 ({Predecessor:} 13... Nd7 14. Bf4 Nxc5 15. dxc5 Qd5 16. Bd6 Qxb3 17. axb3 Rd8 {1-0 (60) Gordievsky,D (2523)-Bocharov,D (2602) Voronezh 2016}) 14. Qc3 f6 (14... Nd7 $11) 15. Be3 Qh5 16. Qb3 Nd5 17. Qa4 Ne7 (17... Rb8 $11 {remains equal.}) 18. Bf4 Qd5 19. Rac1 g5 20. Bc7 g4 21. Ne1 Nf5 $2 {[#]} (21... Bh6 $14 22. Rc3 Ng6) 22. Nc2 $2 (22. Ned3 $1 $18 {is the precise move to win.}) 22... a5 $16 23. Ne3 Nxe3 24. fxe3 {Black must now prevent e4.} Bh6 25. Rc3 $36 {[%mdl 2048] And now e4 would win. Black is under strong pressure.} f5 26. Be5 Ba6 $2 (26... Ra7 $16 27. Re1 Bg7) 27. Rf2 {[#] Threatens to win with e4.} Bb5 $2 (27... Bg7 {was called for.}) 28. Qd1 $18 Rad8 {Strongly threatening ...Qxe5!} 29. Bc7 (29. Qe1 $142) 29... Rc8 $2 (29... Bxe3 {is tougher.} 30. Rxe3 Qxc5) 30. e4 fxe4 31. Qxg4+ Qg5 32. Qxe6+ Kh8 33. Be5+ Bg7 34. Nxe4 Qh5 35. Rcf3 {Precision: White = 39%, Black = 17%.} 1-0

[Event "3rd Sharjah Masters 2019"]
[Site "Sharjah"]
[Date "2019.03.27"]
[Round "6.25"]
[White "Ranaldi, Lucas"]
[Black "Iniyan, P."]
[Result "1/2-1/2"]
[WhiteElo "2279"]
[BlackElo "2487"]
[Annotator "TA"]
[PlyCount "195"]
[EventDate "2019.03.22"]
[EventType "swiss"]
[EventCountry "UAE"]
[SourceTitle "playchess.com"]
[Source "ChessBase"]
[SourceQuality "1"]

{[%evp 20,195,37,34,39,43,69,60,100,75,91,105,88,44,77,80,92,31,69,41,70,20,18,19,14,20,8,7,23,21,69,39,49,50,39,39,52,51,56,50,50,0,88,105,425,443,567,483,1356,1333,1302,1262,29979,29980,29971,6199,792,0,1337,479,479,479,479,0,0,0,0,0,479,479,479,479,479,479,479,472,472,472,472,472,472,472,472,472,453,340,340,339,391,376,472,256,256,256,472,472,472,472,501,472,501,501,501,501,487,0,501,501,501,501,501,501,501,501,501,501,501,501,501,501,501,501,501,501,501,439,501,439,462,462,592,552,562,560,501,510,488,471,454,443,443,443,436,431,429,425,749,687,680,643,628,604,604,600,600,596,574,509,496,487,487,486,486,414,414,414,414,399,399,0,467,0,380,0,370,0,362,0]} 1. d4 Nf6 2. c4 g6 3. g3 Bg7 4. Bg2 O-O 5. Nc3 d6 6. Nf3 {[%cal Bg1f3,Bf3d4,Bd4b5][%mdl 32]} Nbd7 7. O-O e5 8. b3 Re8 9. e4 exd4 10. Nxd4 Nc5 11. f3 Nfd7 {[%cal Bf6d7,Bd7e5,Be5d3][%mdl 32] E68: King's Indian: Fianchetto: 6...Nbd7 7 0-0 e5 8 e4} (11... c6 12. Be3 d5 13. Nxc6 bxc6 14. Bxc5 dxc4 15. Qxd8 Rxd8 16. Rfd1 Be6 17. bxc4 Nd7 18. Bd4 Ne5 19. Nd5 cxd5 20. cxd5 {½-½ (61) Carlsen,M (2832)-Grischuk,A (2750) chess.com INT 2017}) 12. Be3 Ne5 13. Qd2 Bd7 {White is slightly better.} 14. Rad1 a5 15. Ndb5 Ned3 $146 ({Predecessor:} 15... a4 16. f4 Ned3 17. Qe2 Bxb5 18. Nxb5 c6 19. Bxc5 Nxc5 20. Nxd6 {1-0 (55) Galliamova,A (2444)-Injac,T (2325) St Petersburg 2018}) 16. a3 Ne5 17. Bxc5 dxc5 18. f4 (18. Qf2 $16) 18... Bxb5 19. Nxb5 c6 $1 {Hoping for ...Qxd2.} 20. Nd6 (20. fxe5 cxb5 21. Qxd8 Rexd8 $15) 20... Nf3+ $1 21. Bxf3 Bd4+ 22. Kg2 Qxd6 23. e5 Qe6 24. a4 Ra6 25. h4 Rb6 26. Qc2 Rb4 27. Rde1 b5 28. axb5 a4 29. Bxc6 {Strongly threatening f5.} axb3 30. Qe4 {Black must now prevent f5.} Rxc4 (30... Re7 $11 {keeps the balance.}) 31. Bxe8 $16 Qxe8 $2 {[%mdl 8192]} (31... Rc2+ $16 {is tougher.} 32. Re2 Rxe2+ 33. Qxe2 Qxe8) 32. f5 $18 b2 33. e6 gxf5 (33... f6 $142 34. Qd5 Ra4) 34. Qxf5 f6 35. e7 Rb4 36. Qe6+ Kg7 37. Qc6 Kf7 38. Qe6+ (38. Qd5+ $142 Kg7 39. Qc6) 38... Kg7 {[#]} 39. Re4 (39. h5 $142 $1 b1=R (39... Qxh5 40. Qd7) 40. Rxb1 Rxb1 41. Rxb1 Qa8+ 42. Kh3) 39... b1=Q 40. Rxb1 Rxb1 41. Qc6 $2 (41. Rg4+ $1 $18 Kh8 {[#]} 42. Qg8+ $1 {[%mdl 576] Decoy} Qxg8 43. Rxg8+ Kxg8 44. e8=Q+ Kg7 45. Qe7+ Kg8 46. b6 $1 {[%mdl 512]}) 41... Qg6 $11 {( -> ...Rg1+)} 42. g4 $1 (42. e8=Q {leads to mate.} Rg1+ 43. Kf3 Qxg3+ 44. Ke2 Re1+ 45. Kd2 Qc3#) ({Don't go for} 42. Rxd4 $2 cxd4 43. e8=N+ (43. e8=Q {gets mated.} Rb2+ 44. Qe2 Rxe2+ 45. Kf1 Qd3 46. Qc7+ Re7+ {[%mdl 64] Discovered Attack} 47. Kg2 Rxc7 48. h5 Rc1 49. h6+ Kxh6 50. Kh2 Qe2+ 51. Kh3 Rh1#) 43... Kh8 $19) 42... Rb2+ 43. Kf3 Qf7 $2 {[%mdl 8192]} (43... Rb3+ $11 {and Black has nothing to worry.} 44. Kg2 Rb2+ 45. Kf3 Rb3+ 46. Kg2 Rb2+) 44. e8=Q $18 Qb3+ 45. Re3 $1 Qd1+ 46. Ke4 {White wants to mate with Qcd7+.} Qxg4+ 47. Kd5 Qf5+ 48. Re5 Bxe5 49. Qcd7+ Qxd7+ 50. Qxd7+ {[%mdl 4096] Endgame KQ-KRB} Kh6 {...Rd2+ is the strong threat.} 51. Kxc5 Rc2+ 52. Kb6 Rc4 {[#]} 53. h5 $1 {[%mdl 512]} Rh4 (53... Kxh5 54. Qxh7+) 54. Kc6 Rxh5 55. Qd2+ (55. b6 $142) 55... Kg7 56. b6 Rh2 $2 (56... Rg5 57. b7 h5) 57. Qd7+ Kh6 58. b7 Rb2 59. Qh3+ Kg7 60. Qg4+ Kf7 {If Black can now play ...Rc2+ this consolidates a bit.} 61. Qh5+ Kg7 62. Qg4+ $2 (62. Qd1 $18) 62... Kh6 $2 {[%mdl 8192]} (62... Kf7 $1 $11) 63. Qd1 Kg7 64. Qg1+ Kf7 {Black hopes to continue with ...Rc2+.} 65. Qc1 Rb4 66. Qa3 Rc4+ 67. Kb5 Re4 68. Qa7 Kg6 69. b8=Q Bxb8 70. Qxb8 {KQ-KR} Re5+ 71. Kc4 Kg7 72. Kd4 Rg5 73. Ke4 Re5+ 74. Kf4 Rg5 75. Qc7+ Kg6 76. Qc8 Kg7 77. Qd7+ Kg6 78. Qe8+ Kg7 79. Qe7+ Kg6 {intending ...Rf5+.} 80. Qf8 Rf5+ 81. Ke4 {White threatens Qg8+ and mate.} Re5+ 82. Kd4 Rg5 (82... h5 $142 83. Qg8+ Kf5 84. Qh7+ Ke6) 83. Qg8+ Kh6 84. Qf7 Rf5 85. Ke4 {Threatening mate with Qf8+.} Re5+ 86. Kf4 Rf5+ 87. Kg4 {Qf8+ would kill now.} Rg5+ 88. Kh4 Rf5 89. Qf8+ Kg6 90. Qg8+ Kh6 {aiming for ...Rh5+.} 91. Qe8 Rg5 92. Qf8+ Kg6 93. Qg8+ Kh6 94. Qf7 Rf5 95. Qe8 Rg5 $1 96. Qf8+ Kg6 97. Qg8+ Kh6 98. Qf7 $2 {Accuracy: White = 64%, Black = 49%.} ({White should try} 98. Qh8 $18) 1/2-1/2

[Event "3rd Sharjah Masters 2019"]
[Site "Sharjah"]
[Date "2019.03.27"]
[Round "6.26"]
[White "Mullick, Raahil"]
[Black "Nigmatov, Ortik"]
[Result "0-1"]
[WhiteElo "2275"]
[BlackElo "2478"]
[Annotator "TA"]
[PlyCount "56"]
[EventDate "2019.03.22"]
[EventType "swiss"]
[EventCountry "UAE"]
[SourceTitle "playchess.com"]
[Source "ChessBase"]
[SourceQuality "1"]

{[%evp 15,56,0,27,28,18,44,30,12,23,18,29,0,0,0,0,-39,-40,-46,-46,-54,-36,-43,-27,-43,-22,-200,-205,-121,-89,-277,-279,-228,-222,-272,-254,-586,-596,-570,-557,-813,-822,-764,-687]} 1. e4 c5 2. Nf3 d6 3. d4 cxd4 4. Nxd4 Nf6 5. Nc3 a6 6. Be3 e5 7. Nb3 Be6 8. f3 h5 (8... Nbd7 {with more complications.} 9. Qd2 b5 10. a3 h5 11. Qf2 Be7) 9. Nd5 {B90: Sicilian Najdorf: Unusual White 6th moves, 6 Be3 Ng4 and 6 Be3 e5} Bxd5 10. exd5 Nbd7 11. Qd2 {White has an edge.} g6 12. Be2 Bg7 13. Na5 Qc7 14. c4 e4 15. f4 Ng4 16. Bxg4 $1 hxg4 17. O-O {[#]} Nc5 $146 ({Predecessor:} 17... f5) 18. f5 gxf5 19. Rxf5 Nd3 20. Rb1 $2 (20. Raf1 $11 Be5 21. g3) 20... Be5 $1 $19 {[%cal Re5h2]} 21. g3 f6 {...Bxg3! is the strong threat.} 22. b4 $2 (22. Qg2 $17 {only move.}) 22... Qh7 23. Rf2 Nxf2 24. Qxf2 f5 25. c5 $2 {[#]} (25. Kh1 {is tougher.}) 25... f4 $1 {[%cal Rf4e3] Black is clearly winning.} 26. gxf4 {[#]} (26. Bxf4 e3) 26... g3 $1 {[%cal Rg3f2][%mdl 512]} 27. Qc2 (27. Qxg3 Rg8) 27... g2 28. Kf2 {[#]} Bxf4 $1 {[%mdl 512] Accuracy: White = 44%, Black = 86%.} 0-1

[Event "3rd Sharjah Masters 2019"]
[Site "Sharjah"]
[Date "2019.03.27"]
[Round "6.27"]
[White "Darini, Pouria"]
[Black "Ajay Karthikeyan"]
[Result "1-0"]
[WhiteElo "2474"]
[BlackElo "2298"]
[Annotator "TA"]
[PlyCount "73"]
[EventDate "2019.03.22"]
[EventType "swiss"]
[EventCountry "UAE"]
[SourceTitle "playchess.com"]
[Source "ChessBase"]
[SourceQuality "1"]

{[%evp 11,73,2,1,-6,-4,-12,-13,-14,-8,-29,-27,-23,-14,-12,-13,-22,0,-11,0,0,0,0,0,0,0,-16,0,-17,-18,0,77,81,75,78,137,136,147,159,143,132,135,150,161,153,288,270,334,359,843,761,1100,1078,1048,1059,1261,1218,29992,29993,29993,29994,29994,29995,29995,29996]} 1. e4 c5 2. Nf3 g6 3. Nc3 Bg7 4. Bc4 Nc6 5. O-O d6 6. d3 {B30: Sicilian: 2...Nc6 3 Bb5, lines without ...g6} (6. a3 e6 7. Ba2 Nge7 8. d3 b6 9. Be3 Nd4 10. Ne1 Bb7 11. Qd2 Qd7 12. Nd1 d5 13. c3 Ndc6 {0-1 (73) Ducarmon,Q (2468)-Bacrot,E (2695) chess.com INT 2017}) 6... e6 {LiveBook: 6 Games} 7. Bf4 a6 8. a4 {The position is equal.} h6 9. Be3 $146 ({Predecessor:} 9. h3 Nge7 10. Qd2 d5 11. exd5 exd5 {1-0 (86) Roder,P (2157)-Mooi,O (2142) Dos Hermanas 2004}) 9... Nge7 {White should prevent ...d5.} 10. Bb3 O-O 11. Ne2 b6 12. d4 Bb7 13. c3 cxd4 14. cxd4 Na5 15. Bc2 Nc4 16. Bc1 f5 17. Nc3 {[%cal Be2c3,Bc3e4,Be4g3][%mdl 32]} Rc8 18. Qe2 Qd7 19. Bd3 fxe4 20. Nxe4 d5 (20... Bd5 $11 {keeps the balance.}) 21. Ng3 $1 $16 Nf5 22. Rb1 g5 {[#]} (22... Ncd6 $142) 23. b3 $1 g4 {[#]} 24. Ne5 $1 {[%cal Re5d7]} Nxe5 25. dxe5 Nxg3 26. hxg3 h5 27. Ba3 Rfd8 (27... Rf7 $16 {might work better.}) 28. f4 $18 (28. Bxa6 Bxa6 29. Qxa6 Bxe5 $16) 28... d4 29. f5 exf5 $2 (29... Qc6 30. f6 (30. Bxa6 d3 $11) 30... Bf8) 30. e6 Qe8 31. e7 Rd5 32. Qe6+ Kh8 33. Rxf5 {Rf8+ would kill now.} Qg8 34. Qg6 {White mates.} Rxf5 35. Bxf5 Rc6 36. Qxh5+ Rh6 37. e8=Q {Accuracy: White = 90%, Black = 43%.} 1-0